| 000 | 00528nam a2200181Ia 4500 | ||
|---|---|---|---|
| 003 | OSt | ||
| 005 | 20260116095153.0 | ||
| 008 | 210210b1956 xxu||||| |||| 00| 0 eng d | ||
| 040 | _cAL | ||
| 041 | _aKannada | ||
| 082 | _a859/874 | ||
| 100 |
_aNAMBIYAR (V K) _9145140 _dನಂಬಿಯಾರ್ (ವಿಕೆ) |
||
| 245 |
_aportuguese kadalgallaru: _bಪೋರ್ಚುಗೀಸ್ ಕಡಲ್ಗಳ್ಳರು |
||
| 260 |
_aBengaluru _b- _c1956 |
||
| 690 |
_aKannada Fiction _9145141 |
||
| 906 | _a021634 | ||
| 942 |
_2ddc _cBK |
||
| 999 |
_c145730 _d145730 |
||